000 01138nam a2200325Ia 4500
001 dia_25
003 CHAP
005 20230527062636.0
008 220117s1982 xx 000 0 und d
010 _a170457
020 _a968-24-1140-8
040 _cCHAP
082 _a631.304 B47 1982
100 1 _aBerlijn, Johan D.
_911826
245 _aOrganización del taller rural /
_c Johan D. Berlijn ; colaboración Pieter M. Rijk...[et al.]
260 _aMéxico :
_b SEP :,
_b Trillas,
_c1982
300 _a86 p.
440 _aManuales para educación agropecuaria. Administración rural
_970688
503 _aC/e
590 _aTJ1215 B47 1982
650 _aAgricultural machinery and equipment
_xMaintenance and repair
_9146985
650 _aEquipment, maintenance and repair
_9146986
650 _aEquipo, mantenimiento y reparación
_9146987
650 _aMaquinaria y equipamiento agrícola
_xMantenimiento y reparación
_9146988
700 _a Rijk, Pieter M.
_9137267
901 _a631.304 B47 1982
902 _aM
905 _a5232261982 mx an 8222223322spa16
942 _cLIBRO
_2ddc
999 _c170457
_d170457